| 000 | 00845nam a2200277 u 4500 | ||
|---|---|---|---|
| 001 | 647901 | ||
| 005 | 20260506090349.0 | ||
| 008 | 010220s1985 fre | ||
| 020 | _a2130393659 | ||
| 035 | _a647901 | ||
| 035 | _a(OCoLC)777791239 | ||
| 040 | _ccomduadb | ||
| 041 | _afre | ||
| 082 | 4 | _a840 | |
| 100 | 1 | 0 |
_aMaurel, Jean _4aut _eaut _9335236 |
| 245 | 1 | 0 | _aVictor Hugo philosophe |
| 260 |
_aParís : _bPresses Universitaires de France, _c1985. |
||
| 300 | _a128 páginas | ||
| 650 |
_aFilosofia francesa - Siglo XIX _914899 |
||
| 650 |
_aHugo, Victor Marie, 1802-1885 - Pensamiento filosofico _973097 |
||
| 650 |
_aRomanticismo - Francia _97515 |
||
| 650 |
_aRomanticismo (Filosofia) _951493 |
||
| 650 |
_aLiteratura francesa - Ensayos _99938 |
||
| 650 | 7 |
_aLiteratura _xFilosofía _2armarc _9196318 |
|
| 942 | _cBOOK | ||
| 999 |
_c192532 _d192532 |
||